Govt. of
Madhya Pradesh

विज्ञान की बातें (Record no. 47307)

MARC details
000 -LEADER
fixed length control field 005080000a22001570004500
003 - CONTROL NUMBER IDENTIFIER
control field MACL
005 - DATE AND TIME OF LATEST TRANSACTION
control field 20180109125952.0
008 - FIXED-LENGTH DATA ELEMENTS--GENERAL INFORMATION
fixed length control field 180109b xxu||||| |||| 00| 0 eng d
040 ## - CATALOGING SOURCE
Transcribing agency madl
100 ## - MAIN ENTRY--PERSONAL NAME
Personal name सेन ,सुधीर
9 (RLIN) 69982
245 ## - TITLE STATEMENT
Title विज्ञान की बातें
260 ## - PUBLICATION, DISTRIBUTION, ETC. (IMPRINT)
Place of publication, distribution, etc. दिल्‍ली
Name of publisher, distributor, etc. राष्‍ट्रभाषा प्रकाशन
Date of publication, distribution, etc. 2012
350 ## - PRICE (NR) (BK AM CF MU VM SE) [OBSOLETE]
Price 175
650 ## - SUBJECT ADDED ENTRY--TOPICAL TERM
Topical term or geographic name as entry element चिल्‍ड्रन बुक
9 (RLIN) 159
942 ## - ADDED ENTRY ELEMENTS (KOHA)
Koha item type Hindi Books
Call number prefix 741.642
Source of classification or shelving scheme
Holdings
Withdrawn status Lost status Source of classification or shelving scheme Damaged status Not for loan Home library Current library Date acquired Cost, normal purchase price Total Checkouts Full call number Barcode Date last seen Uniform Resource Identifier Price effective from Koha item type
          MACL MACL 15/04/2015 175.00   741.642 BOOK CRH029400 29/04/2015 48215 15/04/2015 Books